[Event "Rated Blitz game"]
[Site "?"]
[Date "2021.03.23"]
[Round "?"]
[White "hima_saber80"]
[Black "MN_Supariyono"]
[Result "1-0"]
[WhiteElo "2440"]
[BlackElo "2451"]
[PlyCount "77"]
[EventDate "2021.??.??"]
[EventType "blitz"]

1. e4 e5 2. Nf3 d5 3. d4 dxe4 4. Nxe5 Be6 5. Nc3 Nf6 6. Bg5 Bb4 7. Qd2 h6 8.
Bh4 Nbd7 9. a3 Nxe5 10. axb4 Nc4 11. Bxc4 Bxc4 12. Nxe4 Qe7 13. Bxf6 gxf6 14.
Qe3 Qxb4+ 15. Nc3+ Qe7 16. Qxe7+ Kxe7 17. O-O-O Rhd8 18. Rhe1+ Kf8 19. Ne4 Kg7
20. Ng3 Be6 21. Nh5+ Kg6 22. Nf4+ Kf5 23. g3 c6 24. h3 Rd6 25. c3 Rad8 26. Re3
Kg5 27. Rde1 Bb3 28. Re7 R8d7 29. h4+ Kg4 30. R1e3 b5 31. R7e4 Kf5 32. Re8 c5
33. Ne2 cxd4 34. Nxd4+ Rxd4 35. cxd4 Rxd4 36. Rxb3 a6 37. Ra8 Rd6 38. Rf3+ Kg4
39. Rf4+ {Normal} 1-0

[Event "Rated Blitz game"]
[Site "?"]
[Date "2021.03.23"]
[Round "?"]
[White "ahlawy2"]
[Black "MN_Supariyono"]
[Result "0-1"]
[WhiteElo "2444"]
[BlackElo "2417"]
[PlyCount "138"]
[EventDate "2021.??.??"]
[EventType "blitz"]

1. e4 e5 2. Nf3 d5 3. exd5 e4 4. Qe2 Nf6 5. Nc3 Bb4 6. Nxe4 O-O 7. Nxf6+ Qxf6
8. c4 Bg4 9. Qd3 Nd7 10. Be2 Rfe8 11. O-O Nc5 12. Qd4 Qxd4 13. Nxd4 Bxe2 14.
Nxe2 Rxe2 15. a3 Nb3 16. Rb1 Bc5 17. d3 Bd4 18. g3 Rae8 19. Kg2 h6 20. Kf3 g5
21. Be3 Rc2 22. g4 Bxe3 23. fxe3 Rxh2 24. Rh1 Rxh1 25. Rxh1 Kg7 26. Rd1 b6 27.
d4 Na5 28. Rc1 Nb7 29. b4 Nd6 30. c5 Ne4 31. cxb6 cxb6 32. Rc7 Nf6 33. d6 a5
34. b5 Nd5 35. d7 Rd8 36. Rb7 Nf6 37. Rxb6 Rxd7 38. Ra6 h5 39. gxh5 g4+ 40. Kf4
Re7 41. b6 Nd5+ 42. Kxg4 Nxe3+ 43. Kf3 Nc4 44. Ra7 Re6 45. b7 Rb6 46. Ke4 Nd6+
47. Kd5 Nxb7 48. Kc4 Rb1 49. d5 Kf6 50. Kd4 Ke7 51. Ke5 f6+ 52. Kd4 Kd6 53.
Ra6+ Kd7 54. h6 Rh1 55. Rxf6 Nd6 56. Rg6 Nf5+ 57. Kc5 Nxh6 58. Rg7+ Kc8 59. d6
Nf5 60. Kb6 Nxd6 61. Kc6 Ne8 62. Rg8 Kd8 63. Kb5 Rc1 64. Kxa5 Rc7 65. Ka4 Rc5
66. Kb3 Re5 67. Ka2 Re3 68. Rg5 Re2+ 69. Kb3 Rb2+ {Time forfeit} 0-1

[Event "Rated Blitz game"]
[Site "?"]
[Date "2021.03.23"]
[Round "?"]
[White "rumiek"]
[Black "Schachelite"]
[Result "0-1"]
[WhiteElo "2415"]
[BlackElo "2440"]
[PlyCount "50"]
[EventDate "2021.??.??"]
[EventType "blitz"]

1. e4 e5 2. Nf3 d5 3. exd5 e4 4. Nd4 Qxd5 5. Nb3 Bd6 6. Nc3 Qe5 7. d4 exd3+ 8.
Be3 dxc2 9. Qxc2 Bf5 10. Bd3 Bxd3 11. Qxd3 Nc6 12. O-O-O O-O-O 13. Rhe1 Nf6 14.
Bxa7 Qxe1 15. Rxe1 Bf4+ 16. Qe3 Bxe3+ 17. Bxe3 Nd5 18. Nxd5 Rxd5 19. Kc2 Re8
20. h3 Nd4+ 21. Nxd4 Rxd4 22. Bxd4 Rxe1 23. Bxg7 Re2+ 24. Kc3 Rxf2 25. Be5 Rxg2
{Normal} 0-1

[Event "Rated Blitz game"]
[Site "?"]
[Date "2021.03.23"]
[Round "?"]
[White "Hans_im_Glueck"]
[Black "karenamini_kish"]
[Result "1-0"]
[WhiteElo "2441"]
[BlackElo "2346"]
[PlyCount "73"]
[EventDate "2021.??.??"]
[EventType "blitz"]

1. e4 e5 2. Nf3 d5 3. exd5 e4 4. Qe2 Qe7 5. Nd4 Nf6 6. Nc3 Bg4 7. Qb5+ c6 8.
dxc6 bxc6 9. Nxc6 a6 10. Nxe7+ axb5 11. Ned5 Nxd5 12. Nxd5 Bd6 13. Bxb5+ Bd7
14. Bxd7+ Nxd7 15. O-O O-O 16. Re1 f5 17. d3 exd3 18. cxd3 Ne5 19. Bf4 Ra5 20.
Bxe5 Rxd5 21. Bxd6 Rxd6 22. Rad1 Rb8 23. Re2 Ra8 24. b3 Kf7 25. Kf1 Rad8 26.
Rc2 Rxd3 27. Rxd3 Rxd3 28. Ke2 Rd7 29. a4 Rb7 30. Rb2 Rb4 31. Kd3 Ke6 32. Kc3
Rb8 33. Rd2 Rc8+ 34. Kb2 Rb8 35. Ka3 g5 36. a5 h5 37. Ka4 {Normal} 1-0

[Event "Rated Blitz game"]
[Site "?"]
[Date "2021.03.23"]
[Round "?"]
[White "ElGordito123"]
[Black "YAKAY26"]
[Result "1-0"]
[WhiteElo "2472"]
[BlackElo "2347"]
[PlyCount "139"]
[EventDate "2021.??.??"]
[EventType "blitz"]

1. e4 e5 2. Nf3 d5 3. exd5 c6 4. Nxe5 cxd5 5. d4 Nf6 6. Bb5+ Nc6 7. Nxc6 bxc6
8. Bxc6+ Bd7 9. Bxa8 Qxa8 10. O-O Bd6 11. Re1+ Be6 12. Nd2 O-O 13. Nf3 Qb8 14.
Ne5 Ne4 15. f3 Bxe5 16. dxe5 Nc5 17. c3 a5 18. b3 Bf5 19. Ba3 Nd3 20. Re3 Qa7
21. Qd2 Rc8 22. Kh1 Nf4 23. Ree1 Nd3 24. Re3 Nf4 25. Rd1 Be6 26. Ree1 Ng6 27.
Qd4 Qa6 28. Rc1 h6 29. Red1 a4 30. Bd6 axb3 31. axb3 Qa2 32. b4 Rc4 33. Qd2 Qa4
34. Ra1 Qd7 35. Rdb1 Bf5 36. Rd1 d4 37. cxd4 Rc2 38. Qe3 Nh4 39. Rd2 Qc6 40.
Rxc2 Qxc2 41. Rg1 Be6 42. b5 Bd5 43. Qc1 Qe2 44. Qe1 Qa2 45. Qxh4 Kh7 46. e6
Bxe6 47. b6 Qb3 48. Be5 f6 49. Bc7 Bf5 50. Qg3 Bg6 51. Re1 Qb4 52. h3 Qxd4 53.
Kh2 Qb4 54. Re7 Qxe7 55. Qd6 Qe2 56. b7 Bh5 57. b8=Q Bxf3 58. Qg3 Bd5 59. Bf4
Qe6 60. Qc7 Qf7 61. Qxf7 Bxf7 62. Be3 Bg6 63. h4 f5 64. Qf2 f4 65. Bxf4 Bf5 66.
Be3 Be4 67. g3 Bg6 68. Bd4 Be4 69. Qe3 Bg6 70. Qe5 {Time forfeit} 1-0

[Event "Rated Blitz game"]
[Site "?"]
[Date "2021.03.23"]
[Round "?"]
[White "Ayosi"]
[Black "ViktorPlayer63"]
[Result "1-0"]
[WhiteElo "2400"]
[BlackElo "2232"]
[PlyCount "81"]
[EventDate "2021.??.??"]
[EventType "blitz"]

1. e4 e5 2. Nf3 d5 3. Nxe5 Qe7 4. d4 f6 5. Ng4 Nc6 6. Ne3 dxe4 7. Bc4 f5 8. O-O
Nf6 9. Nc3 h5 10. f3 Bd7 11. Ncd5 Qd6 12. Nxf6+ gxf6 13. fxe4 fxe4 14. Nd5
O-O-O 15. Rxf6 Be6 16. Rxe6 Qxe6 17. Nb6+ axb6 18. Bxe6+ Kb8 19. d5 Bc5+ 20.
Kh1 Nd4 21. Bh3 c6 22. Bf4+ Ka8 23. c3 Nb5 24. Qa4+ Na7 25. dxc6 bxc6 26. Qxe4
Kb7 27. g3 h4 28. Bg2 hxg3 29. Bxg3 Rh6 30. Rf1 Rd7 31. b4 Bd6 32. Bxd6 Rhxd6
33. a4 Rd1 34. h3 Rxf1+ 35. Bxf1 Kc7 36. Qe5+ Rd6 37. h4 Nc8 38. Bh3 Na7 39.
Qe7+ Kb8 40. Qxd6+ Kb7 41. c4 {Time forfeit} 1-0

[Event "Rated Blitz game"]
[Site "?"]
[Date "2021.03.22"]
[Round "?"]
[White "Spaine"]
[Black "jsequera"]
[Result "1-0"]
[WhiteElo "2510"]
[BlackElo "2403"]
[PlyCount "35"]
[EventDate "2021.??.??"]
[EventType "blitz"]

1. e4 e5 2. Nf3 d5 3. exd5 e4 4. Ne5 Qxd5 5. d4 exd3 6. Nxd3 Nc6 7. Nc3 Qf5 8.
Bf4 Bd6 9. Bxd6 cxd6 10. g3 Nf6 11. Bg2 O-O 12. O-O Ne5 13. Nf4 Nc4 14. b3 Nb6
15. Rc1 Rd8 16. Qd4 d5 17. Rfe1 Be6 18. Re5 {Normal} 1-0

[Event "Rated Rapid game"]
[Site "?"]
[Date "2021.03.22"]
[Round "?"]
[White "GAGIK_JAN"]
[Black "Melladov"]
[Result "1/2-1/2"]
[WhiteElo "2560"]
[BlackElo "2553"]
[PlyCount "101"]
[EventDate "2021.??.??"]
[EventType "rapid"]

1. e4 e5 2. Nf3 d5 3. exd5 e4 4. Qe2 Nf6 5. d3 Qxd5 6. dxe4 Qxe4 7. Nc3 Bb4 8.
Bd2 Qxe2+ 9. Bxe2 O-O 10. O-O-O a6 11. Bd3 Nc6 12. a3 Bc5 13. Rhf1 Bg4 14. Ne4
Nxe4 15. Bxe4 Rfe8 16. Rde1 h6 17. Bxc6 bxc6 18. Ne5 Be6 19. f3 Bd5 20. c4 Bd4
21. cxd5 Bxe5 22. dxc6 Bxh2 23. f4 Rad8 24. Rxe8+ Rxe8 25. Rf3 Re4 26. Kc2 Re6
27. Rc3 Bg1 28. b4 Rg6 29. g3 Bd4 30. Rc4 Bb6 31. Rc3 f5 32. a4 Rd6 33. b5 axb5
34. axb5 Kf7 35. Be3 Bxe3 36. Rxe3 g5 37. Rc3 Rd8 38. Kb3 gxf4 39. gxf4 Rd1 40.
Rc2 Ke6 41. Rh2 Kd5 42. Rxh6 Rb1+ 43. Kc3 Rxb5 44. Rf6 Ke4 45. Kc4 Rb1 46. Rf7
Rc1+ 47. Kb5 Rb1+ 48. Kc5 Rc1+ 49. Kb5 Rb1+ 50. Kc5 Rc1+ 51. Kb5 {Normal}
1/2-1/2

[Event "Rated Blitz game"]
[Site "?"]
[Date "2021.03.22"]
[Round "?"]
[White "elgalgo2017"]
[Black "Jomajo"]
[Result "0-1"]
[WhiteElo "2476"]
[BlackElo "2613"]
[PlyCount "44"]
[EventDate "2021.??.??"]
[EventType "blitz"]

1. e4 e5 2. Nf3 d5 3. exd5 e4 4. Qe2 Qe7 5. Nd4 Nf6 6. Nc3 Qe5 7. Nf3 Qe7 8.
Nd4 a6 9. h3 Nbd7 10. Nf5 Qe5 11. Ne3 Bb4 12. Nc4 Qe7 13. a3 Bxc3 14. dxc3 Nxd5
15. g3 b5 16. Ne3 Bb7 17. Bg2 Ne5 18. Nf5 Qf6 19. Qxe4 O-O 20. O-O Rab8 21. Bg5
Qxg5 22. Qxe5 Rfe8 {Normal} 0-1

[Event "Rated Blitz tournament QD06quIK"]
[Site "?"]
[Date "2021.03.22"]
[Round "?"]
[White "Khalid_bin_Walid"]
[Black "daelovaaa"]
[Result "0-1"]
[WhiteElo "2511"]
[BlackElo "2485"]
[PlyCount "72"]
[EventDate "2021.??.??"]
[EventType "blitz"]

1. e4 e5 2. Nf3 d5 3. exd5 e4 4. Qe2 Nf6 5. d3 Be7 6. dxe4 O-O 7. Nbd2 c6 8.
Qd1 cxd5 9. e5 Ne4 10. Bd3 Bf5 11. O-O Nc6 12. Nb3 Bg6 13. Bf4 Re8 14. Bg3 a5
15. a4 Qb6 16. Bb5 Rad8 17. Nbd4 Nxd4 18. Nxd4 Rf8 19. c3 f6 20. exf6 Bxf6 21.
Kh1 h5 22. f3 Nxg3+ 23. hxg3 h4 24. g4 Qd6 25. Qe1 Kf7 26. f4 Be4 27. Kg1 h3
28. gxh3 Rh8 29. Qg3 Rh4 30. g5 Bxd4+ 31. cxd4 Rdh8 32. Ra3 Qb4 33. f5 Qxd4+
34. Rf2 Qd1+ 35. Bf1 Rg4 36. g6+ Kf6 {Normal} 0-1

[Event "Rated Rapid game"]
[Site "?"]
[Date "2021.03.22"]
[Round "?"]
[White "masahirobaba"]
[Black "Melladov"]
[Result "0-1"]
[WhiteElo "2504"]
[BlackElo "2508"]
[PlyCount "34"]
[EventDate "2021.??.??"]
[EventType "rapid"]

1. e4 e5 2. Nf3 d5 3. Nxe5 Bd6 4. d4 dxe4 5. Nc4 Nf6 6. Be2 O-O 7. Nc3 Nc6 8.
Bg5 Re8 9. Nd5 Bf8 10. Nxf6+ gxf6 11. Be3 b5 12. d5 Nb4 13. Na5 Qxd5 14. Qxd5
Nxd5 15. Nc6 a6 16. a4 Bd7 17. axb5 axb5 {Normal} 0-1

[Event "Rated Blitz game"]
[Site "?"]
[Date "2021.03.22"]
[Round "?"]
[White "reaperstrum"]
[Black "gmluke"]
[Result "0-1"]
[WhiteElo "2478"]
[BlackElo "2658"]
[PlyCount "56"]
[EventDate "2021.??.??"]
[EventType "blitz"]

1. e4 e5 2. Nf3 d5 3. d3 dxe4 4. dxe4 Qxd1+ 5. Kxd1 f6 6. Be3 Be6 7. c3 Nd7 8.
Kc2 Bc5 9. Nbd2 Bxe3 10. fxe3 Nb6 11. Nb3 Nh6 12. Nc5 Bc8 13. h3 Nf7 14. Rd1
Nd6 15. Bd3 a5 16. Kb1 a4 17. a3 Ra5 18. b4 axb3 19. Nxb3 Rxa3 20. Kb2 Ndc4+
21. Bxc4 Nxc4+ 22. Kc2 Nxe3+ 23. Kb2 Nxd1+ 24. Kxa3 Nxc3 25. Rc1 Nb5+ 26. Kb4
Bd7 27. Nc5 Bc6 28. Ne6 Kf7 {Normal} 0-1

[Event "Rated Blitz game"]
[Site "?"]
[Date "2021.03.22"]
[Round "?"]
[White "kontraJako"]
[Black "Erow"]
[Result "1-0"]
[WhiteElo "2771"]
[BlackElo "2704"]
[PlyCount "45"]
[EventDate "2021.??.??"]
[EventType "blitz"]

1. e4 e5 2. Nf3 d5 3. exd5 e4 4. Qe2 Nf6 5. d3 Bb4+ 6. Bd2 O-O 7. dxe4 Bc5 8.
Nc3 Re8 9. O-O-O Bf5 10. Qc4 Nxe4 11. Nxe4 Rxe4 12. Qxc5 Nd7 13. Qb5 a6 14. Qa5
Nb6 15. d6 Qc8 16. Bd3 cxd6 17. Bxe4 Bxe4 18. Bc3 Nc4 19. Qg5 Ne5 20. Rxd6 f6
21. Rxf6 Nxf3 22. Rxf3 Bg6 23. h4 {Normal} 1-0

[Event "Rated Blitz game"]
[Site "?"]
[Date "2021.03.22"]
[Round "?"]
[White "mandarria"]
[Black "MN_Supariyono"]
[Result "1-0"]
[WhiteElo "2427"]
[BlackElo "2424"]
[PlyCount "55"]
[EventDate "2021.??.??"]
[EventType "blitz"]

1. e4 e5 2. Nf3 d5 3. exd5 e4 4. Qe2 Nf6 5. d3 Bb4+ 6. c3 O-O 7. dxe4 Bc5 8.
Bg5 h6 9. Bxf6 Qxf6 10. Nbd2 Bg4 11. O-O-O Nd7 12. h3 Bh5 13. e5 Qb6 14. Nc4
Qa6 15. Kb1 Rfe8 16. Qd2 b5 17. e6 Nb6 18. Nce5 fxe6 19. dxe6 Rxe6 20. Bd3 Rae8
21. Rhe1 Nc4 22. Qf4 Nxe5 23. Nxe5 Bxd1 24. Qf7+ Kh8 25. Ng6+ Kh7 26. Nf8+ Kh8
27. Nxe6 Rg8 28. Qg6 {Normal} 1-0

[Event "Rated Blitz game"]
[Site "?"]
[Date "2021.03.22"]
[Round "?"]
[White "Chesstomioka"]
[Black "Fantastic_power06"]
[Result "0-1"]
[WhiteElo "2468"]
[BlackElo "2621"]
[PlyCount "40"]
[EventDate "2021.??.??"]
[EventType "blitz"]

1. e4 e5 2. Nf3 d5 3. exd5 e4 4. Nd4 Qxd5 5. Nb3 Qe5 6. Nc3 Nf6 7. Be2 Bd6 8.
g3 Nc6 9. O-O Bh3 10. Re1 O-O-O 11. d4 Qf5 12. Be3 h5 13. Nb5 h4 14. Nxd6+ Rxd6
15. Bf4 Rdd8 16. c3 g5 17. Be3 Ng4 18. Qd2 Nce5 19. f4 exf3 20. Bf1 f2+ {Normal
} 0-1

[Event "Rated Blitz game"]
[Site "?"]
[Date "2021.03.22"]
[Round "?"]
[White "SrPopando"]
[Black "jsequera"]
[Result "1-0"]
[WhiteElo "2473"]
[BlackElo "2408"]
[PlyCount "33"]
[EventDate "2021.??.??"]
[EventType "blitz"]

1. e4 e5 2. Nf3 d5 3. Nxe5 Bd6 4. d4 dxe4 5. Bc4 Bxe5 6. Qh5 Qe7 7. dxe5 Be6 8.
Bxe6 Qxe6 9. Nc3 Nc6 10. Nxe4 g6 11. Qh4 Nxe5 12. O-O f6 13. Bf4 O-O-O 14. Qg3
Ne7 15. Rfe1 Nf5 16. Qc3 Nd4 17. Nxf6 {Time forfeit} 1-0

[Event "Rated Blitz game"]
[Site "?"]
[Date "2021.03.22"]
[Round "?"]
[White "ultrahunter"]
[Black "batasjon"]
[Result "1/2-1/2"]
[WhiteElo "2419"]
[BlackElo "2330"]
[PlyCount "99"]
[EventDate "2021.??.??"]
[EventType "blitz"]

1. e4 e5 2. Nf3 d5 3. exd5 e4 4. Nd4 Qxd5 5. Nb3 Nf6 6. Nc3 Qf5 7. Be2 Qg6 8.
Rg1 Nc6 9. d4 Be6 10. Be3 O-O-O 11. Qd2 Nd5 12. Nxd5 Bxd5 13. O-O-O Bb4 14. c3
Bxb3 15. axb3 Bd6 16. Kb1 f5 17. g3 h6 18. Bf4 Na5 19. b4 Nc6 20. h4 Ne7 21.
Bc4 c6 22. Kc2 Nd5 23. Bxd5 cxd5 24. Ra1 Kb8 25. Ra5 Bc7 26. Bxc7+ Kxc7 27.
Rga1 a6 28. b5 Ra8 29. bxa6 Rxa6 30. Rc5+ Rc6 31. Rxd5 Re8 32. Qf4+ Rd6 33.
Rxd6 Qxd6 34. Qxd6+ Kxd6 35. h5 e3 36. f3 f4 37. g4 Re6 38. Kd3 g6 39. hxg6
Rxg6 40. Ke4 Rf6 41. Kd3 Rg6 42. c4 h5 43. gxh5 Rh6 44. Rh1 Ke6 45. b4 Kf5 46.
Rh4 Kg5 47. Rg4+ Kf5 48. Rh4 Kg5 49. Rg4+ Kf5 50. Rh4 {Normal} 1/2-1/2

[Event "Rated Rapid game"]
[Site "?"]
[Date "2021.03.22"]
[Round "?"]
[White "Greg49"]
[Black "ahmedibrahim1995"]
[Result "1-0"]
[WhiteElo "2403"]
[BlackElo "2253"]
[PlyCount "49"]
[EventDate "2021.??.??"]
[EventType "rapid"]

1. e4 e5 2. Nf3 d5 3. exd5 e4 4. Nd4 Qxd5 5. Nb3 Nf6 6. Nc3 Qe5 7. Be2 Nc6 8.
O-O Bd6 9. g3 h5 10. d4 Qf5 11. d5 Ne5 12. Nd4 Qh3 13. f4 Neg4 14. Bxg4 hxg4
15. Qe2 Bd7 16. Be3 O-O-O 17. Rad1 g5 18. Qg2 gxf4 19. Bxf4 Bc5 20. Bg5 Nxd5
21. Nxd5 Rde8 22. Qxh3 gxh3 23. Nf6 e3 24. Ne2 Bg4 25. Nxg4 {Normal} 1-0

[Event "Rated Blitz game"]
[Site "?"]
[Date "2021.03.22"]
[Round "?"]
[White "elgalgo2017"]
[Black "TheMonsterNotTheNM"]
[Result "1-0"]
[WhiteElo "2466"]
[BlackElo "2361"]
[PlyCount "33"]
[EventDate "2021.??.??"]
[EventType "blitz"]

1. e4 e5 2. Nf3 d5 3. exd5 e4 4. Qe2 Nf6 5. d3 Qxd5 6. Nbd2 Qa5 7. dxe4 a6 8.
e5 Nd5 9. Qe4 Be6 10. Bc4 Nc6 11. O-O O-O-O 12. Nb3 Qb6 13. Rd1 Nce7 14. Bg5 f6
15. exf6 gxf6 16. Be3 Qc6 17. Nfd4 {Normal} 1-0

[Event "Rated Blitz game"]
[Site "?"]
[Date "2021.03.22"]
[Round "?"]
[White "Corre_por_tu_vida"]
[Black "Erow"]
[Result "0-1"]
[WhiteElo "2579"]
[BlackElo "2698"]
[PlyCount "140"]
[EventDate "2021.??.??"]
[EventType "blitz"]

1. e4 e5 2. Nf3 d5 3. exd5 e4 4. Qe2 Nf6 5. d3 Bb4+ 6. c3 O-O 7. dxe4 Bc5 8.
Bg5 Re8 9. Nbd2 Nbd7 10. O-O-O c6 11. dxc6 bxc6 12. e5 Qa5 13. Qc4 Nd5 14. Nb3
Qb6 15. Nxc5 Nxc5 16. Be3 Nxe3 17. fxe3 Be6 18. Qb4 Bxa2 19. Qxb6 axb6 20. Bd3
Nxd3+ 21. Rxd3 Bd5 22. Re1 Ra1+ 23. Kd2 Ra2 24. Kc1 Ra1+ 25. Kd2 Ra2 26. Kc1 h6
27. e4 Bc4 28. Rd4 b5 29. Kc2 c5 30. Rd6 b4 31. Nd2 b3+ 32. Nxb3 Rb8 33. Nc1
Rbxb2+ 34. Kd1 Ra1 35. Rd2 Rbb1 36. Kc2 Rb7 37. Red1 Rab1 38. Rd8+ Kh7 39. Kd2
R1b2+ 40. Ke3 Rc2 41. Nd3 Rxc3 42. Rd2 Re7 43. Kf4 Bxd3 44. R8xd3 Rc1 45. Rf3
c4 46. Rd4 Rc7 47. Kf5 c3 48. Rf2 c2 49. Rdd2 Rc5 50. g4 f6 51. Kf4 Rxe5 52.
Rxc2 Re1 53. Rce2 Rh1 54. h4 Rxh4 55. Rh2 Rxh2 56. Rxh2 g5+ 57. Kf3 Rb5 58. Rc2
Rb3+ 59. Kf2 Kg6 60. Rc8 Rb2+ 61. Kf3 Rb3+ 62. Kf2 Kf7 63. Rc7+ Ke6 64. Rh7 Ke5
65. Rxh6 Rb4 66. Kf3 Rb3+ 67. Kf2 Rb6 68. Kf3 Ra6 69. Rg6 Ra3+ 70. Kf2 Kxe4 {
Time forfeit} 0-1

[Event "Rated Blitz game"]
[Site "?"]
[Date "2021.03.22"]
[Round "?"]
[White "jeromeovich"]
[Black "blastol"]
[Result "1-0"]
[WhiteElo "2455"]
[BlackElo "2384"]
[PlyCount "73"]
[EventDate "2021.??.??"]
[EventType "blitz"]

1. e4 e5 2. Nf3 d5 3. Nxe5 Bd6 4. d4 dxe4 5. Bc4 Bxe5 6. dxe5 Qxd1+ 7. Kxd1 Nc6
8. Bb3 Bg4+ 9. Ke1 O-O-O 10. Nc3 Nxe5 11. Bf4 Ng6 12. Be3 f5 13. h3 Bh5 14.
Be6+ Kb8 15. g4 Nh4 16. gxh5 Nf6 17. h6 Rhe8 18. Bb3 g6 19. Ke2 Nf3 20. Rhd1
Rc8 21. Nd5 Nh5 22. Nf4 Nxf4+ 23. Bxf4 g5 24. Be3 f4 25. Bd4 c5 26. Bg7 b5 27.
c4 b4 28. Ba4 Re7 29. Rd7 Rc7 30. Rxc7 Kxc7 31. Rd1 Nh4 32. Rd5 Kb6 33. Bf6 f3+
34. Kf1 e3 35. fxe3 Rxe3 36. Bd8+ Kb7 37. Bxg5 {Normal} 1-0

[Event "Rated Rapid game"]
[Site "?"]
[Date "2021.03.22"]
[Round "?"]
[White "WandererDog"]
[Black "MarkoSenjak123098"]
[Result "0-1"]
[WhiteElo "2422"]
[BlackElo "2403"]
[PlyCount "94"]
[EventDate "2021.??.??"]
[EventType "rapid"]

1. e4 e5 2. Nf3 d5 3. Nxe5 dxe4 4. d4 exd3 5. Bxd3 Qe7 6. O-O Be6 7. Nc3 Nd7 8.
Nxd7 Qxd7 9. Bb5 c6 10. Qxd7+ Kxd7 11. Rd1+ Ke7 12. Ba4 Rd8 13. Be3 Rxd1+ 14.
Rxd1 b5 15. Bc5+ Ke8 16. Bxf8 Kxf8 17. Bb3 Ke7 18. Bxe6 Kxe6 19. Ne4 Ne7 20.
Nc5+ Kf6 21. Rd7 a5 22. f4 h5 23. g3 Re8 24. Kf2 a4 25. a3 Kf5 26. Kf3 f6 27.
h3 Kg6 28. Ne6 Nf5 29. Nd8 Re3+ 30. Kf2 Rxg3 31. Nxc6 Rxh3 32. Nb4 Rh2+ 33. Kg1
Re2 34. Kf1 Re4 35. Nd3 Ne3+ 36. Kf2 Nxc2 37. Kf3 Rd4 38. Rxd4 Nxd4+ 39. Ke4
Nb3 40. Nf2 h4 41. Kf3 Kf5 42. Nd1 g5 43. Ne3+ Kg6 44. f5+ Kh5 45. Ng4 Nd4+ 46.
Ke4 Kxg4 47. Kxd4 h3 {Normal} 0-1

[Event "Rated Blitz game"]
[Site "?"]
[Date "2021.03.22"]
[Round "?"]
[White "Machinegunusa"]
[Black "gmluke"]
[Result "0-1"]
[WhiteElo "2533"]
[BlackElo "2668"]
[PlyCount "86"]
[EventDate "2021.??.??"]
[EventType "blitz"]

1. e4 e5 2. Nf3 d5 3. d4 exd4 4. Qxd4 Nc6 5. Qxd5 Qxd5 6. exd5 Nb4 7. Na3 Nf6
8. Bb5+ Bd7 9. Bxd7+ Kxd7 10. Ne5+ Ke8 11. c4 Bd6 12. f4 Ne4 13. Ke2 f6 14. Nf3
Kf7 15. Be3 Rhe8 16. Rhe1 Nc5 17. g3 Ncd3 18. Kd2 Nxe1 19. Nxe1 Nxa2 20. c5
Rxe3 21. cxd6 Rae8 22. d7 Re2+ 23. Kd3 Nb4+ 24. Kc4 R8e4+ 25. Kc5 Rxb2 26. Nc4
b6+ 27. Kb5 a6+ 28. Rxa6 Nxa6+ 29. Nxb2 Ke7 30. Ned3 Nb8 31. d6+ Kxd7 32. dxc7
Kxc7 33. Nb4 Kb7 34. N2d3 Rd4 35. h4 Nd7 36. h5 Nf8 37. Nf2 Ne6 38. Ka4 Nc5+
39. Ka3 Rd2 40. Ng4 Rg2 41. h6 Rxg3+ 42. Ka2 Rxg4 43. hxg7 Rxg7 {Normal} 0-1

[Event "Rated Blitz tournament QD06quIK"]
[Site "?"]
[Date "2021.03.22"]
[Round "?"]
[White "percakupa"]
[Black "daelovaaa"]
[Result "0-1"]
[WhiteElo "2262"]
[BlackElo "2482"]
[PlyCount "68"]
[EventDate "2021.??.??"]
[EventType "blitz"]

1. e4 e5 2. Nf3 d5 3. exd5 e4 4. Qe2 Nf6 5. Nc3 Be7 6. Nxe4 O-O 7. Nxf6+ Bxf6
8. d4 Re8 9. Be3 Qxd5 10. Qc4 Qa5+ 11. c3 Nc6 12. Bd3 Qh5 13. O-O Bg4 14. Be2
Rad8 15. h3 Bxh3 16. gxh3 Qxh3 17. Nh2 Re4 18. Rfd1 Rh4 19. Bf3 Qxh2+ 20. Kf1
Ne5 21. Qe2 Ng6 22. Bxb7 Rh3 23. Qg4 Nh4 24. Ke2 Re8 25. Kd3 Ng6 26. Kc4 Rh4
27. Qe2 Qd6 28. Bf3 Ne5+ 29. Kb3 Rb8+ 30. Kc2 Nxf3 31. Qxf3 Qb6 32. b3 Rh2 33.
Rd2 Qxb3+ 34. axb3 Rxf2 {Time forfeit} 0-1

[Event "Rated Blitz tournament QD06quIK"]
[Site "?"]
[Date "2021.03.22"]
[Round "?"]
[White "Charona"]
[Black "daelovaaa"]
[Result "0-1"]
[WhiteElo "2327"]
[BlackElo "2480"]
[PlyCount "52"]
[EventDate "2021.??.??"]
[EventType "blitz"]

1. e4 e5 2. Nf3 d5 3. exd5 e4 4. Nc3 Nf6 5. Qe2 Be7 6. Nxe4 O-O 7. d3 Qxd5 8.
Bd2 Nc6 9. c4 Qh5 10. Ng1 Qg6 11. Bc3 Nxe4 12. dxe4 Rd8 13. Nf3 Bg4 14. h3 Bxf3
15. Qxf3 Nd4 16. Bxd4 Rxd4 17. Bd3 Bb4+ 18. Ke2 Re8 19. Rhd1 f5 20. Kf1 fxe4
21. Qe3 Rxd3 22. Rxd3 exd3 23. Qd4 d2 24. g3 Re1+ 25. Kg2 Rxa1 26. Qd5+ Qf7 {
Normal} 0-1

[Event "Rated Blitz game"]
[Site "?"]
[Date "2021.03.22"]
[Round "?"]
[White "martyr57"]
[Black "Erow"]
[Result "1-0"]
[WhiteElo "2555"]
[BlackElo "2701"]
[PlyCount "45"]
[EventDate "2021.??.??"]
[EventType "blitz"]

1. e4 e5 2. Nf3 d5 3. Nxe5 Bd6 4. d4 dxe4 5. Qe2 Nf6 6. Nd2 O-O 7. Nxe4 Nxe4 8.
Qxe4 Nd7 9. Bd3 Nf6 10. Qh4 Re8 11. O-O Bxe5 12. dxe5 Rxe5 13. Bxh7+ Kf8 14.
Bg5 Qe7 15. Bf5 Qc5 16. Bxf6 gxf6 17. Qh8+ Ke7 18. Bxc8 c6 19. Rad1 Qb6 20.
Rd7+ Ke6 21. Qe8+ Kf5 22. Rxb7+ Rxc8 23. Qxc8+ {Normal} 1-0

[Event "Rated Blitz tournament M5F1BL2s"]
[Site "?"]
[Date "2021.03.22"]
[Round "?"]
[White "gmadham"]
[Black "Jenlen3001"]
[Result "1/2-1/2"]
[WhiteElo "2620"]
[BlackElo "2558"]
[PlyCount "32"]
[EventDate "2021.??.??"]
[EventType "blitz"]

1. e4 e5 2. Nf3 d5 3. d4 dxe4 4. Nxe5 Be6 5. Bc4 Bxc4 6. Nxc4 Nf6 7. O-O Nc6 8.
Nc3 Qxd4 9. Nb5 Qxd1 10. Rxd1 Rc8 11. Bf4 Bc5 12. Nxc7+ Kf8 13. c3 h6 14. b4
Bb6 15. Nxb6 axb6 16. b5 Na5 {Normal} 1/2-1/2

[Event "Rated Blitz game"]
[Site "?"]
[Date "2021.03.22"]
[Round "?"]
[White "Jazzyjef"]
[Black "Jomajo"]
[Result "0-1"]
[WhiteElo "2523"]
[BlackElo "2604"]
[PlyCount "74"]
[EventDate "2021.??.??"]
[EventType "blitz"]

1. e4 e5 2. Nf3 d5 3. Nc3 d4 4. Ne2 d3 5. Ng3 dxc2 6. Qxc2 Bd6 7. Bc4 Bg4 8.
Qc3 Nc6 9. h3 Bxf3 10. Qxf3 Nf6 11. Bb5 Qd7 12. Qc3 g6 13. d3 O-O 14. Bxc6 bxc6
15. Bg5 Qe6 16. Bxf6 Qxf6 17. O-O c5 18. Rfd1 Rab8 19. Nf1 c4 20. dxc4 Bc5 21.
Qc2 Bd4 22. Rab1 h5 23. Rd3 Rfd8 24. Rd2 Rd6 25. b3 Rbd8 26. Rbd1 Qg5 27. c5
R6d7 28. b4 c6 29. a3 Kg7 30. g3 h4 31. Kg2 hxg3 32. fxg3 Re7 33. Nh2 Qe3 34.
Nf3 Red7 35. Rd3 Qxe4 36. Qd2 Be3 37. Qe2 Rxd3 {Normal} 0-1

[Event "Rated Blitz game"]
[Site "?"]
[Date "2021.03.22"]
[Round "?"]
[White "GreenRanger87"]
[Black "blastol"]
[Result "1-0"]
[WhiteElo "2488"]
[BlackElo "2389"]
[PlyCount "43"]
[EventDate "2021.??.??"]
[EventType "blitz"]

1. e4 e5 2. Nf3 d5 3. exd5 Bd6 4. Nc3 Nf6 5. Bb5+ c6 6. dxc6 bxc6 7. Bc4 e4 8.
Ng5 O-O 9. d3 exd3 10. Qxd3 h6 11. Nge4 Nxe4 12. Nxe4 Bb4+ 13. c3 Qxd3 14. Bxd3
Ba5 15. Be3 Rd8 16. O-O-O Nd7 17. f4 Nf8 18. h3 Be6 19. Nc5 Bxa2 20. Nb7 Bb3
21. Nxa5 Bxd1 22. Rxd1 {Normal} 1-0

[Event "Rated Blitz game"]
[Site "?"]
[Date "2021.03.22"]
[Round "?"]
[White "ArkadijNaiditsch"]
[Black "Jomajo"]
[Result "1-0"]
[WhiteElo "2747"]
[BlackElo "2637"]
[PlyCount "49"]
[EventDate "2021.??.??"]
[EventType "blitz"]

1. e4 e5 2. Nf3 d5 3. d4 dxe4 4. Nxe5 Bd6 5. Nc3 Bxe5 6. dxe5 Qxd1+ 7. Kxd1 Bf5
8. Bb5+ c6 9. Bc4 Nd7 10. Bf4 Ne7 11. Re1 Ng6 12. Nxe4 Ndxe5 13. Bxe5 Bxe4 14.
Bxg7 O-O-O+ 15. Kc1 Rhe8 16. Bxf7 Re7 17. Bxg6 Bf3 18. Bf5+ Kb8 19. Rf1 Bxg2
20. Bf6 Bxf1 21. Bxe7 Rd5 22. Bd3 Bxd3 23. cxd3 Rxd3 24. Kc2 Rf3 25. Bd6+ {
Normal} 1-0